The growth of civilization /

محفوظ في:

المؤلف الرئيسي: Perry, W. J. (مؤلف)

التنسيق: كتاب

اللغة: English

منشور في: Harmondsworth, Middlesex, England : Penguin Books, 1937.

الطبعة: Newly Rev.

سلاسل: Pelican books ; A15.

الموضوعات:

الوسوم: إضافة وسم

لا توجد وسوم, كن أول من يضع وسما على هذه التسجيلة!

رقم الطلب: CB67 .B4 1937

LEADER 00939nam a2200253Ia 4500
001 6265
003 OSt
005 20251110104801.0
008 130303s1937 enkb b 001 0 eng d
035 |a ocm11195540 
040 |c ARCE Library 
050 4 |a CB67 .B4 1937 
100 1 |a Perry, W. J.,   |q (William James),  |e author 
245 1 4 |a The growth of civilization /  |c by W. J. Perry. 
250 |a Newly Rev. 
264 1 |a Harmondsworth, Middlesex, England :  |b Penguin Books,  |c 1937. 
300 |a 243 pages :  |b maps ;  |c 18 cm. 
490 0 |a Pelican books ;   |v A15. 
500 |a "Intended as a companion volume to The origin of magic and religion ... Much of the material ... has been drawn from my works on The megalithic culture of Indonesia and The children of the sun". 
504 |a Includes bibliographical references (pages 228-232) and indexes. 
650 0 |a Civilization  |x History. 
901 |a reviewed 
942 |c BK  |2 lcc 
999 |c 4922  |d 4922